[Event "WchT U26"]
[Site "Roque Saenz Pena"]
[Date "1997.??.??"]
[Round "9"]
[White "Galvan Sarmiento, J."]
[Black "Escandon, Federico"]
[Result "1-0"]
[WhiteElo "2160"]
[BlackElo "2160"]

1.d4 d5 2.c4 c6 3.Nc3 Nf6 4.Nf3 e6 5.e3 Nbd7 6.Qc2 Bd6 7.Be2 O-O 8.O-O Re8
9.b3 Qe7 10.Bb2 b6 11.e4 Nxe4 12.Nxe4 dxe4 13.Qxe4 Bb7 14.Rad1 f5 15.Qc2 Nf6
16.Rfe1 Ne4 17.c5 bxc5 18.Bd3 cxd4 19.Nxd4 c5 20.Nxe6 Qh4 21.g3 Nxg3 22.fxg3 Bxg3
23.Bc4 Rxe6 24.Bxe6+ Kh8 25.Bxg7+ Kxg7 26.Qc3+  1-0

[Event "Rotherham Carlton Park"]
[Site "Rotherham"]
[Date "1997.??.??"]
[Round "2"]
[White "Richardson, John R"]
[Black "Bryson, Douglas M"]
[Result "0-1"]
[WhiteElo "2360"]
[BlackElo "2385"]

1.d4 d5 2.c4 e6 3.Nc3 c6 4.Nf3 Nf6 5.e3 Nbd7 6.Bd3 dxc4 7.Bxc4 b5 8.Bd3 Bb7
9.O-O a6 10.e4 c5 11.d5 c4 12.Bc2 e5 13.Ne2 Bc5 14.b3 cxb3 15.axb3 O-O 16.Ng3 Re8
17.Bb2 Qb6 18.Qd2 Rac8 19.Rac1 Bf8 20.Nf5 h6 21.h3 Nh5 22.Bd3 Nf4 23.Rxc8 Bxc8
24.Rc1 Bb4 25.Qc2 Nc5 26.Bf1 Bxf5 27.exf5 e4 28.Ne5 Nxd5 29.Bd4 Qf6 30.Qb2 Qxf5
31.Ng4 h5 32.Nh6+ gxh6 33.Bxc5 Bxc5 34.Rxc5 Rc8 35.Rxc8+ Qxc8 36.Be2 Nf4
37.Bf1 Qe6 38.Qd2 Qe5 39.Qd8+ Kg7 40.Qa8 Qe6 41.Qb8 Nd5 42.Be2 h4 43.Bg4 Qf6
44.Bc8 e3 45.fxe3 Nxe3 46.Bb7 Qd4 47.Kf2 Nf5+ 48.Kf3 Qe3+ 49.Kg4 Qg5+ 50.Kf3 Nd4+
51.Ke4 Nxb3 52.Qc8 Qxg2+ 53.Ke5 Qg5+ 54.Kd6 Qf6+ 55.Kc7 Qe5+ 56.Kb6 Qd6+
57.Ka7 Qc5+ 58.Kxa6 Qxc8 59.Bxc8 Nd4  0-1

[Event "Saint Affrique op"]
[Site "Saint Affrique"]
[Date "1997.??.??"]
[Round "5"]
[White "Legky, Nikolay A"]
[Black "Boudre, Jean Pierre"]
[Result "1-0"]
[WhiteElo "2490"]
[BlackElo "2385"]

1.d4 d5 2.c4 c6 3.Nf3 Nf6 4.Nc3 e6 5.e3 Nbd7 6.Bd3 Bd6 7.O-O O-O 8.e4 dxc4
9.Bxc4 e5 10.Bb3 exd4 11.Nxd4 Nc5 12.Bc2 Re8 13.f3 Qc7 14.Kh1 Be5 15.Be3 Ne6
16.Nde2 Bd7 17.f4 Ng4 18.Bg1 Nxf4 19.Nxf4 Bxf4 20.Rxf4 Qxf4 21.Qxd7 Rad8
22.Qxb7 Rd2 23.Bb3 Ne5 24.Qa6 Rxb2 25.Qf1 Qg5 26.Bd4 Kh8 27.Nd1  1-0

[Event "Texas-ch"]
[Site "San Antonio"]
[Date "1997.??.??"]
[Round "3"]
[White "Shtern, Igor"]
[Black "Ziane, Noureddine"]
[Result "1-0"]
[WhiteElo "2411"]
[BlackElo "2309"]

1.d4 d5 2.c4 c6 3.Nc3 Nf6 4.Nf3 e6 5.e3 Nbd7 6.Bd3 Be7 7.O-O O-O 8.b3 b6
9.Bb2 Bb7 10.Qe2 c5 11.Rfd1 cxd4 12.exd4 dxc4 13.bxc4 Rc8 14.Ne5 Qc7 15.f4 Rfe8
16.a4 a6 17.Rac1 Nf8 18.Ne4 Ng6 19.Rf1 Nxe4 20.Bxe4 Bxe4 21.Qxe4 f5 22.Qe3 Nxe5
23.fxe5 h6 24.Qb3 Bg5 25.Rc2 Red8 26.c5 Rd5 27.c6 Rcd8 28.Ba3 Kh7 29.Bd6 R8xd6
30.exd6 Rxd6 31.Re1 Rxc6 32.Rxc6 Qxc6 33.Qxe6 Qc2 34.Qxb6 Bd2 35.Qb1 Be3+
36.Kh1 Qxb1 37.Rxb1 Bxd4 38.Rd1 Bc3 39.g3 a5 40.Rd6 Bb4 41.Rb6 Bd2 42.Kg2 h5
43.Kf3 g6 44.Rb7+ Kh6 45.Rd7 Bb4 46.Kf4 Bc3 47.Rd6 Be1 48.Rd3 Bb4 49.Rd4  1-0

[Event "Santiago op"]
[Site "Santiago de Chile"]
[Date "1997.??.??"]
[Round "2"]
[White "Vasquez, Rodrigo"]
[Black "Labra, Martin"]
[Result "1-0"]
[WhiteElo "2505"]
[BlackElo "2085"]

1.d4 d5 2.c4 c6 3.Nf3 Nf6 4.e3 e6 5.Nc3 Nbd7 6.Qc2 a6 7.b3 Be7 8.Be2 dxc4
9.bxc4 Qa5 10.O-O O-O 11.Bb2 Ba3 12.Bxa3 Qxa3 13.c5 Re8 14.Nd2 Qa5 15.Nc4 Qc7
16.Na4 e5 17.dxe5 Nxe5 18.Nd6 Re7 19.Nb6 Rb8 20.Nbxc8 Rxc8 21.Nxc8 Qxc8 22.e4 Ng6
23.f3 Qc7 24.Rad1 h5 25.Rd6 h4 26.Rfd1 Re8 27.Qc3 Qe7 28.Bc4 Nf4 29.g3 Nh3+
30.Kg2 Ng5 31.Qe3 h3+ 32.Kg1 Ngh7 33.Bf1 Qe5 34.Bxh3 Ng5 35.Bg2 Ne6 36.f4 Qxc5
37.Qxc5 Nxc5 38.e5 Ng4 39.Bh3 Ne3 40.Rc1 Ne6 41.Kf2 Nd5 42.Bg2 Nb6 43.Rb1 Nc4
44.Rxe6 fxe6 45.Rxb7 Rd8 46.Bh3 Na5 47.Bxe6+ Kh8 48.Rb6 Ra8 49.Ke3 c5 50.Bd5 Ra7
51.f5 c4 52.Rb8+ Kh7 53.Be4  1-0

[Event "Bayern-ch Seniors op"]
[Site "Schloss Schney"]
[Date "1997.??.??"]
[Round "1"]
[White "Heigl, Rudolf"]
[Black "Schratzenstaller, Albert"]
[Result "1-0"]
[WhiteElo "1970"]
[BlackElo "1803"]

1.d4 Nf6 2.Nf3 d5 3.c4 e6 4.Nc3 c6 5.e3 Bd6 6.Bd3 b6 7.cxd5 cxd5 8.O-O O-O
9.e4 dxe4 10.Nxe4 Bb7 11.Qe2 Be7 12.Bg5 Nbd7 13.Rac1 Bxe4 14.Bxe4 Nxe4 15.Bxe7 Ng3
16.hxg3 Qxe7 17.Rc7 Rfc8 18.Rfc1 Rxc7 19.Rxc7 Qd8 20.Qc2 f6 21.Qc6 Nf8 22.Qb7 g6
23.Rg7+ Kh8 24.Qf7  1-0

[Event "Bayern-ch Seniors op"]
[Site "Schloss Schney"]
[Date "1997.??.??"]
[Round "3"]
[White "Kolnsberg, Klaus"]
[Black "Braeu, Ludwig"]
[Result "0-1"]
[WhiteElo "2016"]
[BlackElo "1680"]

1.d4 d5 2.Nf3 Nf6 3.e3 c6 4.c4 e6 5.Nc3 Nbd7 6.Bd3 dxc4 7.Bxc4 b5 8.Bd3 a6
9.O-O c5 10.Qe2 Bb7 11.e4 cxd4 12.Nxd4 Bc5 13.Nb3 Qc7 14.Bg5 Rc8 15.Rac1 Qe5
16.Bxf6 Qxf6 17.Kh1 O-O 18.f4 Ba7 19.Rf3 Nc5 20.Nxc5 Rxc5 21.Rcf1 Rh5 22.Rg3 Qh6
23.h3 Rd8 24.Kh2 Rh4 25.f5 Bb8 26.e5 f6 27.Re3 Bxe5+ 28.Rxe5 fxe5 29.fxe6 Qxe6
30.Bf5 Qd6 31.Qf2 Rf4 32.Qe2 Rxf1 33.Qxf1 Rf8 34.Qb1 e4+ 35.Kh1 Rxf5 36.g4 Rf2  0-1

[Event "Bayern-ch Seniors op"]
[Site "Schloss Schney"]
[Date "1997.??.??"]
[Round "6"]
[White "Fiedler, Werner"]
[Black "Geier, Berthold"]
[Result "0-1"]
[WhiteElo "1810"]
[BlackElo "1600"]

1.Nf3 d5 2.d4 Nf6 3.c4 c6 4.Nc3 e6 5.e3 Bd6 6.cxd5 exd5 7.Bd3 O-O 8.Qc2 Re8
9.Bd2 a5 10.h3 b5 11.Rc1 Bb7 12.O-O Nbd7 13.Rfe1 b4 14.Na4 Ne4 15.Rf1 f5
16.Nc5 Ndxc5 17.dxc5 Bc7 18.Nd4 Qf6 19.f4 h6 20.Bxe4 Rxe4 21.Rf3 Kf7 22.b3 Ba6
23.Kh1 Rg8 24.Rg1 Bc8 25.Bc1 Bd7 26.Qf2 Qe7 27.g4 fxg4 28.hxg4 Qxc5 29.Bb2 Qd6
30.Nf5 Bxf5 31.gxf5 Bb6 32.Be5 Rxe5 33.fxe5 Qxe5 34.f6 g6 35.Rc1 Rc8 36.Re1 Re8
37.Qh4 h5 38.Qh3 Qe6 39.Qg3 Qe5 40.Qh3 Qe6 41.Qg3 Qe4 42.Qf4 Qxf4 43.Rxf4 Bxe3
44.Rf3 d4 45.Re2 Re6 46.Kg2 c5 47.Kf1 g5 48.Kg2 Bf4 49.Rc2 Re5 50.Rcf2 Kxf6
51.Rxf4+ gxf4 52.Rxf4+ Kg5 53.Rf2 h4 54.Rd2 Kg4 55.Rc2 d3 56.Rc4+ Kg5 57.Rc1 d2  0-1

[Event "Bayern-ch Seniors op"]
[Site "Schloss Schney"]
[Date "1997.??.??"]
[Round "9"]
[White "Kolnsberg, Klaus"]
[Black "Pohrer, Hans"]
[Result "0-1"]
[WhiteElo "2016"]
[BlackElo "1731"]

1.d4 d5 2.Nf3 Nf6 3.c4 c6 4.Nc3 e6 5.e3 Nbd7 6.Bd3 dxc4 7.Bxc4 Nd5 8.O-O Nxc3
9.bxc3 Nf6 10.Qc2 Be7 11.Bd3 O-O 12.Qe2 Qa5 13.Bd2 Qh5 14.h3 Bd6 15.e4 e5
16.Bg5 Nd7 17.Kh2 f6 18.g4 Qe8 19.Bc4+ Kh8 20.dxe5 Nxe5 21.Nxe5 Bxe5+ 22.f4 fxg5
23.fxe5 Qxe5+ 24.Kg2 Be6 25.Bxe6 Qxe6 26.Rf5 h6 27.Raf1 Rxf5 28.Rxf5 Re8
29.Kf3 b6 30.e5 b5 31.h4 gxh4 32.Rh5 Qd5+ 33.Qe4 Qd1+ 34.Kg2 Qd2+ 35.Kh3 Qxc3+
36.Kxh4 Qc4 37.Qg6 Qe6 38.Qe4 Kg8 39.g5 Qxe5 40.Qxc6 Qf4+ 41.Kh3 Re3+ 42.Kg2 Qg3+  0-1

[Event "Schwaebisch Gmuend op"]
[Site "Schwaebisch Gmuend"]
[Date "1997.??.??"]
[Round "1"]
[White "Lomineishvili, Maia"]
[Black "Fleischer, Frank"]
[Result "1-0"]
[WhiteElo "2385"]
[BlackElo "1780"]

1.d4 d5 2.c4 c6 3.Nf3 Nf6 4.e3 e6 5.Nc3 Nbd7 6.Qc2 dxc4 7.Bxc4 c5 8.O-O Be7
9.e4 cxd4 10.Nxd4 Nb6 11.Bb5+ Bd7 12.Bg5 O-O 13.Rad1 a6 14.Bd3 h6 15.Bh4 Rc8
16.Qe2 Na4 17.Nxa4 Bxa4 18.Nb3 Qb6 19.e5 Bxb3 20.exf6 Bxd1 21.Qe4 g6 22.fxe7 Rfe8
23.Rxd1 Qxb2 24.h3 b5 25.Kh2 Qg7 26.f4 Kh7 27.Qe5 Qxe5 28.fxe5 Rc7 29.Be4 Rc4
30.Rd8 Rxe7 31.Bf6  1-0

[Event "Schwaebisch Gmuend op"]
[Site "Schwaebisch Gmuend"]
[Date "1997.??.??"]
[Round "2"]
[White "Riedel, Holger"]
[Black "Marzluf, Dieter"]
[Result "0-1"]
[WhiteElo "1605"]
[BlackElo "1805"]

1.Nf3 d5 2.d4 e6 3.c4 c6 4.e3 Nf6 5.Nc3 Bd6 6.Bd3 O-O 7.O-O Nbd7 8.e4 dxe4
9.Nxe4 Nxe4 10.Bxe4 Nf6 11.Bc2 h6 12.a3 a5 13.b3 Qc7 14.Qd3 Rd8 15.Qe2 b6
16.Bb2 Be7 17.Rac1 Re8 18.Rfd1 Bb7 19.d5 exd5 20.cxd5 Bxa3 21.d6 Bxd6 22.Qd3 Rad8
23.Qf5 Bc8 24.Qxf6 gxf6  0-1

[Event "Schwaebisch Gmuend op"]
[Site "Schwaebisch Gmuend"]
[Date "1997.??.??"]
[Round "3"]
[White "Lomineishvili, Maia"]
[Black "Rupp, Markus"]
[Result "1-0"]
[WhiteElo "2385"]
[BlackElo "2080"]

1.d4 d5 2.c4 c6 3.Nc3 Nf6 4.e3 e6 5.Nf3 Nbd7 6.Qc2 Bd6 7.Be2 O-O 8.O-O Re8
9.h3 h6 10.Rd1 Qe7 11.a3 dxc4 12.Bxc4 e5 13.Nh4 Nf8 14.Nf5 Bxf5 15.Qxf5 e4
16.h4 g6 17.Qh3 h5 18.f3 Rad8 19.fxe4 Nxe4 20.Rf1 Nf6 21.e4 Bc7 22.e5 Rxd4
23.exf6 Qc5 24.Be3 Rxe3 25.Qxe3 Rxc4 26.Qxc5 Rxc5 27.Rae1 Be5 28.Ne4 Rc2
29.Ng5 Nd7 30.b4 Bxf6 31.Rd1 Bxg5 32.Rxd7 Be3+ 33.Kh1 f5 34.Rxb7 Bf2 35.a4 a6
36.Rc7 Bxh4 37.b5 axb5 38.axb5 c5 39.Ra1  1-0

[Event "Schwaebisch Gmuend op"]
[Site "Schwaebisch Gmuend"]
[Date "1997.??.??"]
[Round "7"]
[White "Unrath, Heiko"]
[Black "Beutelhoff, Josef"]
[Result "0-1"]
[WhiteElo "2280"]
[BlackElo "2115"]

1.d4 e6 2.Nf3 Nf6 3.c4 d5 4.Nc3 c6 5.e3 Nbd7 6.Bd3 dxc4 7.Bxc4 b5 8.Bd3 Bb7
9.e4 b4 10.Na4 c5 11.e5 Nd5 12.Nxc5 Bxc5 13.dxc5 Qa5 14.Qe2 a6 15.c6 Bxc6
16.Nd4 Bb7 17.O-O Nc5 18.Bc2 Rc8 19.Qg4 Kf8 20.f4 h5 21.Qd1 g6 22.f5 gxf5
23.Rf3 Qb6 24.Rh3 Nd7 25.Kh1 Nxe5 26.Nxf5 exf5 27.Bxf5 Rd8 28.Rxh5 Rg8 29.Bh6+ Ke8
30.Bh7 Ne7 31.Bxg8 Rxd1+ 32.Rxd1 Ng4 33.Bxf7+ Kxf7 34.Rf1+ Ke8  0-1

[Event "Seefeld op"]
[Site "Seefeld"]
[Date "1997.??.??"]
[Round "?"]
[White "Timoshchenko, Gennadi A"]
[Black "Laengl, Juergen"]
[Result "1-0"]
[WhiteElo "2540"]
[BlackElo "2120"]

1.d4 d5 2.Nf3 Nf6 3.c4 c6 4.Nc3 e6 5.e3 Nbd7 6.Qc2 Bd6 7.Bd3 dxc4 8.Bxc4 O-O
9.O-O b5 10.Be2 Bb7 11.Rd1 Qc7 12.e4 e5 13.dxe5 Nxe5 14.Nd4 Bc5 15.h3 Rac8
16.Be3 Rfe8 17.Rac1 Qb8 18.Nf5 Bxe3 19.Nxe3 Ng6 20.Ng4 Qf4 21.g3 Qg5 22.Qd2 Qxd2
23.Nxf6+ gxf6 24.Rxd2 b4 25.Na4 Rxe4 26.Nc5 Re7 27.Nxb7 Rxb7 28.Ba6 Rcc7
29.Bxb7 Rxb7 30.Rxc6 Kg7 31.Kg2 f5 32.Rcd6 b3 33.axb3 f4 34.Rd7 Rxb3 35.Rxa7 fxg3
36.fxg3 Ne5 37.Rf2 h5 38.Ra5 Nd3 39.Ra3  1-0

[Event "Seefeld op"]
[Site "Seefeld"]
[Date "1997.??.??"]
[Round "?"]
[White "Schelle, Artur"]
[Black "Laengl, Juergen"]
[Result "1/2-1/2"]
[WhiteElo "2260"]
[BlackElo "2120"]

1.d4 d5 2.c4 e6 3.Nc3 c6 4.Nf3 Nf6 5.e3 Nbd7 6.Bd3 dxc4 7.Bxc4 b5 8.Bd3 a6
9.O-O Bb7 10.Qe2 c5 11.Rd1 Qb6 12.Bc2 Rc8 13.Bd2 Be7 14.Rac1 O-O 15.Be1 Rfd8
16.Nb1 cxd4 17.exd4 Nd5 18.Nbd2 N7f6 19.g3 g6 20.Nb3 Nb4 21.Bb1 Ba8 22.Ne5 Nc6
23.Nxc6 Rxc6 24.Ba5 Qb7 25.Rxc6 Qxc6 26.f3 Rd7 27.Kg2 Qc4 28.Qxc4 bxc4 29.Nc1 e5
30.Bc3 e4 31.fxe4 Nxe4 32.Bxe4 Bxe4+ 33.Kf2 Bd5 34.Re1 Kg7 35.Ne2 g5 36.Ng1 Bf6
37.Nf3 Bxf3 38.Kxf3 h5 39.h3 Kg6 40.g4 Rd5 41.Re8 hxg4+ 42.hxg4 Bxd4 43.Ke4 Bxc3
44.Kxd5 Bxb2 45.Kxc4 Kf6 46.Ra8 Ke5 47.Rxa6 Ke4 48.Ra4 Bd4 49.Rb4 f5 50.gxf5 g4
51.Rb8 Be5 52.Rg8 Kxf5 53.Kd3 g3 54.a4 Bc7 55.Ke3 Ke6 56.Ke4 Kd6 57.Rxg3 Kc6
58.Rb3 Bb6 59.Ke5 Bc7+ 60.Ke6 Bb6 61.Rc3+ Kb7 62.Kd6 Ka6 63.Rb3 Bd4 64.Rb5 Be3
65.Kc6 Bf2 66.Rb8 Ka7 67.Rf8 Bg1 68.Kb5 Bh2 69.Rf7+ Ka8 70.a5 Be5 71.a6 Bd4  1/2-1/2

[Event "RUS-ch Armed Forces"]
[Site "Sevastopol"]
[Date "1997.??.??"]
[Round "1"]
[White "Vyzmanavin, Alexey"]
[Black "Yagupov, Igor"]
[Result "1/2-1/2"]
[WhiteElo "2585"]
[BlackElo "2420"]

1.d4 d5 2.c4 c6 3.e3 Nf6 4.Nc3 e6 5.Nf3 Nbd7 6.Qc2 Bd6 7.Bd3 O-O 8.O-O dxc4
9.Bxc4 Qe7 10.h3 e5 11.Bb3 Bc7 12.Rd1 h6 13.Nh4 Rd8 14.Nf5 Qf8 15.Bd2 Nb6
16.dxe5 Bxe5 17.Be1 Nbd5 18.Nxd5 Nxd5 19.Rd2 Be6 20.Rad1 Nc7 21.Bxe6 Nxe6
22.Rd7 Rxd7 23.Rxd7 Qc5 24.Bc3 Bxc3 25.bxc3 b5 26.Qd3 a5 27.Nd4 Nxd4 28.cxd4 Qc1+
29.Kh2 Qb2 30.d5 cxd5 31.Qxd5 Rf8 32.f4 a4 33.Rb7 b4 34.Qc4 b3 35.axb3 a3
36.Ra7 a2 37.Qa4 Rb8 38.Qxa2 Qxa2 39.Rxa2 Rxb3 40.Ra8+ Kh7 41.Re8 g5 42.f5 h5
43.e4 g4 44.hxg4 hxg4 45.Re7 Kg8 46.f6 Re3 47.g3 Rf3 48.e5 Rf5 49.Re8+ Kh7
50.Kg2 Rf3 51.Ra8 Re3 52.Ra4 Re2+ 53.Kg1 Rxe5 54.Rxg4 Rf5 55.Rg7+ Kh6 56.Rxf7 Kg6
57.Rf8 Rxf6  1/2-1/2

[Event "RUS-ch Armed Forces"]
[Site "Sevastopol"]
[Date "1997.??.??"]
[Round "3"]
[White "Legky, Nikolay A"]
[Black "Yagupov, Igor"]
[Result "1/2-1/2"]
[WhiteElo "2535"]
[BlackElo "2420"]

1.d4 d5 2.c4 c6 3.Nf3 Nf6 4.Nc3 e6 5.e3 Nbd7 6.Bd3 dxc4 7.Bxc4 b5 8.Bd3 a6
9.e4 c5 10.d5 Qc7 11.Bc2 Be7 12.O-O exd5 13.exd5 O-O 14.Re1 Bd6 15.Bg5 Bb7
16.a4 b4 17.Ne4 Nxe4 18.Rxe4 Ne5 19.Qe2 f6 20.Nxe5 Bxe5 21.Bb3 Bxh2+ 22.Kh1 Bd6
23.Bf4 Bc8 24.Rd1 Kh8 25.Bxd6 Qxd6 26.Qh5 f5 27.Re8 Bd7 28.Rxa8 Rxa8 29.Re1 Rf8
30.Kg1 a5 31.Bc4 Bxa4 32.Re6 Qf4 33.b3 Qc1+ 34.Kh2 Qf4+ 35.Kg1 Qc1+  1/2-1/2

[Event "Seversk"]
[Site "Seversk"]
[Date "1997.??.??"]
[Round "7"]
[White "Iskusnyh, Sergei"]
[Black "Averchenko, Sergej"]
[Result "1-0"]
[WhiteElo "2440"]
[BlackElo "2260"]

1.Nf3 d5 2.d4 Nf6 3.c4 c6 4.Nc3 e6 5.e3 Nbd7 6.Qc2 Be7 7.Bd3 dxc4 8.Bxc4 c5
9.O-O cxd4 10.exd4 Nb6 11.Bd3 O-O 12.Bg5 h6 13.Be3 Nbd5 14.Qe2 a6 15.Ne5 Bd7
16.Rac1 Rc8 17.Bb1 Bc6 18.Qd2 Nxc3 19.bxc3 Ba3 20.Rce1 Be4 21.c4 Bxb1 22.Rxb1 Bd6
23.Bxh6 gxh6 24.Qxh6 Ne4 25.Rb3 Bxe5 26.dxe5 Ng5 27.Rg3 f6 28.exf6 Qxf6 29.Rxg5+ Kf7
30.Qh7+ Ke8 31.Qxb7 Rxc4 32.Qxa6 Rc2 33.Qa4+  1-0

[Event "Seversk"]
[Site "Seversk"]
[Date "1997.??.??"]
[Round "9"]
[White "Peregudov, Nickolai"]
[Black "Averchenko, Sergej"]
[Result "1-0"]
[WhiteElo "2350"]
[BlackElo "2260"]

1.d4 d5 2.Nf3 Nf6 3.c4 c6 4.Nc3 e6 5.e3 Nbd7 6.Bd3 dxc4 7.Bxc4 b5 8.Bd3 a6
9.e4 c5 10.e5 cxd4 11.Nxb5 Nxe5 12.Nxe5 axb5 13.Bxb5+ Bd7 14.Bxd7+ Nxd7 15.Nd3 Bd6
16.O-O O-O 17.Re1 Qc7 18.g3 Nb6 19.Bd2 Nd5 20.Qg4 Rfb8 21.Rac1 Qa7 22.Rc4 Qxa2
23.Rxd4 Be7 24.Bg5 Bxg5 25.Qxg5 h6 26.Qe5 Nf6 27.Nb4 Qb3 28.Re3 Qa4 29.Nd5 Qa1+
30.Re1 Nxd5 31.Rxa1 Rxa1+ 32.Kg2 Rb6 33.Rg4 g6 34.Rh4 Kh7 35.Rxh6+ Kxh6 36.Qh8+ Kg5
37.f4+  1-0

[Event "UKR-ch20"]
[Site "Simferopol"]
[Date "1997.??.??"]
[Round "4"]
[White "Malakhatko, Vadim"]
[Black "Belichev, Nikolai"]
[Result "1-0"]
[WhiteElo "2405"]
[BlackElo "2280"]

1.Nf3 Nf6 2.c4 e6 3.Nc3 d5 4.d4 c6 5.e3 Nbd7 6.Qc2 Bd6 7.Bd3 O-O 8.O-O Qe7
9.c5 Bc7 10.e4 dxe4 11.Nxe4 Nxe4 12.Bxe4 h6 13.Bd2 Rd8 14.Rfe1 Nf8 15.b4 Bd7
16.a4 Be8 17.Rab1 a6 18.g3 Rab8 19.Bc3 f6 20.Re3 Qd7 21.Bd3 Qd5 22.Rbe1 Qh5
23.Qe2 Kh8 24.Bc4 Bd7 25.Re4 Re8 26.Bd2 g5 27.Bc3 Kg8 28.h4 f5 29.Re3 f4
30.Re4 fxg3 31.hxg5 hxg5 32.Kg2 gxf2 33.Rh1 f1=Q+ 34.Qxf1 Qg6 35.Rg4 Qc2+
36.Nd2 Bd8 37.Qf3 Qg6 38.Bd3 Qf6 39.Qh3 Re7 40.Ne4 Qf5 41.Qh8+  1-0

[Event "Pools schev"]
[Site "Singapore"]
[Date "1997.??.??"]
[Round "9"]
[White "Prihastomo, Iwan"]
[Black "Tunasly, Kifly"]
[Result "0-1"]
[WhiteElo "2350"]
[BlackElo "2315"]

1.d4 d5 2.c4 e6 3.Nf3 c6 4.e3 Nf6 5.Nc3 Nbd7 6.Be2 dxc4 7.Bxc4 b5 8.Bd3 Bb7
9.O-O a6 10.Re1 c5 11.a3 Qc7 12.Bd2 Bd6 13.Rc1 c4 14.e4 e5 15.dxe5 Nxe5 16.Nd5 Bxd5
17.exd5 O-O 18.Bf5 g6 19.Be4 Nxe4 20.Rxe4 Nxf3+ 21.Qxf3 Bxh2+ 22.Kf1 Be5
23.b4 f5 24.Re2 Rac8 25.Bc3 Bxc3 26.Qxc3 Qh2 27.Re7 Rf7 28.Qe3 Rxe7 29.Qxe7 Qh1+
30.Ke2 Qxc1 31.Qe6+ Kg7 32.Qd7+ Kh6 33.Qxc8 Qc2+ 34.Ke1 c3 35.Qf8+ Kh5 36.Qe7 Qd2+
37.Kf1 c2  0-1

[Event "RUS-Cup8"]
[Site "Smolensk"]
[Date "1997.??.??"]
[Round "1"]
[White "Aleksandrov, Aleksej"]
[Black "Svirin, O."]
[Result "1-0"]
[WhiteElo "2615"]
[BlackElo "2415"]

1.d4 d5 2.c4 c6 3.Nc3 Nf6 4.e3 e6 5.Nf3 Nbd7 6.Bd3 dxc4 7.Bxc4 b5 8.Be2 b4
9.Na4 Be7 10.O-O O-O 11.Qc2 Bb7 12.a3 bxa3 13.b3 Qa5 14.Nd2 Rfc8 15.Bf3 Ba6
16.Nc4 Bxc4 17.bxc4 Rab8 18.c5 e5 19.Bd2 Qd8 20.Rxa3 exd4 21.exd4 Nf8 22.Be3 Ne6
23.Rd1 Nd5 24.Nb2 Nxe3 25.fxe3 Rc7 26.Nc4 Ng5 27.Be2 g6 28.Rda1 Bf6 29.Kh1 Qd7
30.Rf1 Bg7 31.Nd6 Bf8 32.h4 Bxd6 33.cxd6 Qxd6 34.Ra6 Ne6 35.Bc4 Qe7 36.Qe4 Nd8
37.Qf4 Rb4 38.Ba2 Rb6 39.Ra5 Rb5 40.Rxb5 cxb5 41.d5 Rc2 42.d6 Qb7 43.Qg5 Rxa2
44.Qxd8+ Kg7 45.e4 Ra6 46.Qf6+ Kh6 47.Rf5  1-0

[Event "RUS-Cup8"]
[Site "Smolensk"]
[Date "1997.??.??"]
[Round "1"]
[White "Landa, Konstantin"]
[Black "Alavkin, Arseny"]
[Result "0-1"]
[WhiteElo "2570"]
[BlackElo "2375"]

1.d4 d5 2.Nf3 Nf6 3.c4 c6 4.Nc3 e6 5.e3 Nbd7 6.Bd3 dxc4 7.Bxc4 b5 8.Bd3 b4
9.Ne4 Bb7 10.Nxf6+ Nxf6 11.e4 Qb6 12.Qe2 Be7 13.Be3 c5 14.Rc1 Rc8 15.dxc5 Bxc5
16.Rxc5 Rxc5 17.Nd4 Qc7 18.Nb5 Qe7 19.Bxc5 Qxc5 20.e5 Qc1+ 21.Qd1 Qxd1+ 22.Kxd1 Bxg2
23.Rg1 Bf3+ 24.Be2 Bxe2+ 25.Kxe2 Nh5 26.Rc1 O-O 27.Nxa7 Nf4+ 28.Ke3 Ng6 29.Nc6 Rc8
30.Rc4 Kf8 31.b3 Ra8 32.Rxb4 Ke8 33.Rd4 Rc8 34.Rd6 Nh4 35.Nd4 Rc5 36.f4 g5
37.fxg5 Rxe5+ 38.Kf4 Ng6+ 39.Kg4 Ke7 40.Rb6 Re4+ 41.Kf3 Rxd4  0-1

[Event "RUS-Cup8"]
[Site "Smolensk"]
[Date "1997.??.??"]
[Round "3"]
[White "Koniushkov, Igor"]
[Black "Popov, Valerij"]
[Result "1-0"]
[WhiteElo "2405"]
[BlackElo "2430"]

1.d4 d5 2.c4 e6 3.Nf3 Nf6 4.Nc3 c6 5.e3 Nbd7 6.Bd3 a6 7.e4 dxc4 8.Bxc4 c5
9.e5 Ng4 10.Be3 Qc7 11.Bb3 Be7 12.Rc1 Nxe3 13.fxe3 O-O 14.O-O b5 15.Ne4 c4
16.Bc2 Qd8 17.Qe1 Nb6 18.Qg3 h6 19.Nfd2 Nd5 20.Rf3 Bb7 21.Rcf1 Bh4 22.Qg4 Bg5
23.Nxg5 Qxg5 24.Qh3 Qe7 25.Rg3 Kh8 26.Ne4 f5 27.exf6 Nxf6 28.Nxf6 Rxf6 29.Rxf6 Qxf6
30.Rg6 Qf8 31.Qxe6 Re8 32.Qf5 Qxf5 33.Bxf5 Rxe3 34.Rb6 Re1+ 35.Kf2 Re7 36.Bg6 Rd7
37.Ke3 Kg8 38.Bf5 Re7+ 39.Be6+ Kf8 40.d5  1-0

[Event "RUS-Cup8"]
[Site "Smolensk"]
[Date "1997.??.??"]
[Round "3"]
[White "Lomineishvili, Maia"]
[Black "Kharlov, Andrei"]
[Result "1/2-1/2"]
[WhiteElo "2385"]
[BlackElo "2555"]

1.d4 d5 2.c4 e6 3.Nc3 c6 4.e3 Nf6 5.Nf3 Nbd7 6.Qc2 Bd6 7.Bd3 dxc4 8.Bxc4 a6
9.O-O O-O 10.a3 c5 11.dxc5 Bxc5 12.b4 Bd6 13.Bb2 b5 14.Ne4 Bxh2+ 15.Nxh2 bxc4
16.Qxc4 Bb7 17.Nxf6+ Nxf6 18.Rfd1 Qe7 19.Qh4 Rfe8 20.Rac1 Ne4 21.Qxe7 Rxe7
22.Nf3 f6 23.Nd4 Rd8 24.f3 Ng5 25.Nb3 Rxd1+ 26.Rxd1 Nf7 27.Nc5 Bc8 28.a4 Ra7
29.e4 e5 30.Bc1 Ra8 31.a5 h5 32.Kf2 h4 33.Ke2 g5 34.Nd7 Bxd7 35.Rxd7 Rc8
36.Be3 Rc2+ 37.Bd2 Rc6 38.b5 axb5 39.Bb4 g4 40.Rd2 h3 41.gxh3 gxf3+ 42.Ke3 Ng5
43.h4 Nxe4 44.Kxe4 Rc4+ 45.Kxf3 Rxb4 46.Ra2 Rd4 47.a6 Rd8 48.Ke4 b4 49.a7 Ra8
50.Kf5 b3 51.Rb2 Kg7 52.Rxb3 Rxa7 53.Rg3+ Kf7 54.Rb3 Re7 55.Rb6 e4 56.Rxf6+ Kg7  1/2-1/2

[Event "RUS-Cup8"]
[Site "Smolensk"]
[Date "1997.??.??"]
[Round "4"]
[White "Kharitonov, Andrei Y"]
[Black "Korneev, Oleg"]
[Result "1/2-1/2"]
[WhiteElo "2520"]
[BlackElo "2590"]

1.d4 d5 2.Nf3 Nf6 3.c4 e6 4.Nc3 c6 5.e3 Nbd7 6.Qc2 Bd6 7.Be2 O-O 8.O-O dxc4
9.Bxc4 Qe7 10.Bb3 a6 11.Rd1 c5 12.Ne4 Nxe4 13.Qxe4 Rb8 14.Bc2 g6 15.dxc5 Nxc5
16.Qd4 Rd8 17.Qc3 Bd7 18.e4  1/2-1/2

[Event "Sochi"]
[Site "Sochi"]
[Date "1997.??.??"]
[Round "?"]
[White "Doroshkievich, Vladimir K"]
[Black "Kalugin, Sergei"]
[Result "1/2-1/2"]
[WhiteElo "2385"]
[BlackElo "2255"]

1.d4 d5 2.c4 c6 3.e3 Nf6 4.Nc3 e6 5.Nf3 Nbd7 6.Qc2 Bd6 7.Bd3 O-O 8.O-O dxc4
9.Bxc4 b5 10.Bd3 Bb7 11.h3 a6 12.Ng5 h6 13.Nce4 Be7 14.Nxf6+ Nxf6 15.Nh7 Nxh7
16.Bxh7+ Kh8 17.Be4 Qb6 18.Bd2 a5 19.a3 b4 20.axb4 axb4 21.Rfc1 Rxa1 22.Rxa1 Rc8
23.Rc1 Ba6 24.Qa4 Bb5 25.Qd1 Kg8 26.Bb1 Ba6 27.Qa4 Kf8 28.Qc2 c5 29.Qh7 Bf6
30.Rxc5 Rxc5 31.dxc5 Qb5 32.c6 g6 33.Bd3 Qa4 34.Bxb4+ Qxb4 35.Bxa6 Qe1+ 36.Bf1 Bg7
37.g4 Qc1 38.h4 Qxc6 39.Be2 Qc1+ 40.Kg2 Qxb2 41.Bf3 Qf6 42.h5 Qg5 43.Kf1  1/2-1/2

[Event "Sochi"]
[Site "Sochi"]
[Date "1997.??.??"]
[Round "?"]
[White "Savon, Vladimir A"]
[Black "Koniushkov, Igor"]
[Result "0-1"]
[WhiteElo "2445"]
[BlackElo "2405"]

1.d4 d5 2.c4 e6 3.Nc3 c6 4.e3 Nf6 5.Nf3 Nbd7 6.Bd3 dxc4 7.Bxc4 b5 8.Bd3 Bb7
9.e4 b4 10.Na4 c5 11.e5 Nd5 12.dxc5 Nxc5 13.Nxc5 Bxc5 14.O-O h6 15.Qe2 Qb6
16.Bd2 g6 17.a3 a5 18.Rfc1 Kf8 19.Be4 Kg7 20.h4 Rac8 21.axb4 Bxb4 22.Bxb4 axb4
23.g3 Rxc1+ 24.Rxc1 Ra8 25.Qd2 Ra5 26.h5 gxh5 27.Bb1 Rc5 28.Re1 Ne7 29.Qf4 Ng8
30.Be4 Rc4 31.b3 Rxe4 32.Rxe4 Bxe4 33.Qxe4 Qc5 34.Ne1 Qc3 35.Nd3 Qxb3 36.Nxb4 Qd1+
37.Kg2 Qg4 38.Qf4 Qxf4 39.gxf4 Ne7 40.Nc2 Kg6 41.Nd4 Nd5 42.Kf3 h4 43.Kg4 h5+
44.Kxh4 Nxf4 45.Kg3 Kg5 46.Nf3+ Kf5 47.Kh4 Kg6 48.Kg3 Nd3 49.Nh4+ Kg5 50.Ng2 Kf5  0-1

[Event "Sochi"]
[Site "Sochi"]
[Date "1997.??.??"]
[Round "?"]
[White "Annakov, Babakuli"]
[Black "Komliakov, Viktor"]
[Result "1/2-1/2"]
[WhiteElo "2365"]
[BlackElo "2460"]

1.d4 d5 2.c4 e6 3.Nc3 c6 4.e3 Nf6 5.Nf3 Nbd7 6.Qc2 Bd6 7.Bd3 O-O 8.O-O dxc4
9.Bxc4 e5 10.h3 Qc7 11.a3 Re8 12.Ba2 exd4 13.exd4 Nf8 14.Bg5 Nh5 15.Rac1 Be6
16.d5 cxd5 17.Nxd5 Qxc2 18.Rxc2 Nf4 19.Nb4 Bxb4 20.Bxf4 Bxa2 21.axb4  1/2-1/2

[Event "Russian Cup f"]
[Site "Sochi"]
[Date "1997.??.??"]
[Round "1"]
[White "Sherbakov, Ruslan"]
[Black "Galkin, Alexander"]
[Result "1/2-1/2"]
[WhiteElo "2580"]
[BlackElo "2540"]

1.d4 d5 2.c4 c6 3.Nf3 Nf6 4.Nc3 e6 5.e3 Nbd7 6.Qc2 Bd6 7.Bd3 O-O 8.O-O dxc4
9.Bxc4 b5 10.Bd3 Bb7 11.Bd2 a6 12.Ng5 h6 13.Nge4 Be7 14.Nxf6+ Nxf6 15.Ne4 Nxe4
16.Bxe4 a5 17.Rac1 Bd6 18.f4 Qe7 19.Bxc6 Rac8 20.Qe4 Rxc6 21.Rxc6 Bb4 22.Bxb4  1/2-1/2

[Event "Russian Cup f"]
[Site "Sochi"]
[Date "1997.??.??"]
[Round "3"]
[White "Sherbakov, Ruslan"]
[Black "Filippov, Valerij"]
[Result "0-1"]
[WhiteElo "2580"]
[BlackElo "2535"]

1.d4 d5 2.c4 e6 3.Nc3 c6 4.e3 Nf6 5.Nf3 Nbd7 6.Qc2 Bd6 7.Bd3 O-O 8.O-O dxc4
9.Bxc4 e5 10.h3 Qe7 11.a3 a6 12.Ba2 b5 13.e4 Bb7 14.Bg5 h6 15.Be3 c5 16.dxc5 Bxc5
17.Nh4 Rfc8 18.Nf5 Qf8 19.Qe2 Bxa3 20.Nd5 Bc5 21.Bxc5 Rxc5 22.b4 Bxd5 23.Bxd5 Nxd5
24.bxc5 Nf4 25.Qg4 Nf6 26.Qf3 Qxc5 27.Kh2 h5 28.Rfc1 Qb4 29.Qg3 g6 30.f3 Qb2
31.Rcb1 Qe2 32.Re1 Qb2 33.Reb1 Qd2 34.Rxb5 Re8 35.Rxa6 Ne2 36.Qh4 Nh7  0-1